| 000 | 00906nam a22003137a 4500 | ||
|---|---|---|---|
| 001 | 0002215 | ||
| 003 | KOHA_MİRAKIL | ||
| 005 | 20260207001307.0 | ||
| 007 | ta | ||
| 008 | 090223b2001 tu |||gr||||#||||0|tur | | ||
| 020 | _a9753473605 | ||
| 040 |
_aTR-BiSEU _btur _cTR-BiSEU _erda |
||
| 041 | 0 | _atur | |
| 044 | _ctu | ||
| 050 |
_aJC330 _b.K88 2001 |
||
| 100 | 1 | _aKutlu, Mustafa. | |
| 245 | 1 |
_aKuvvetler ayrılığı : _btemelleri - gelişimi hukuk devletinin kökenleri/ _cMustafa Kutlu ; Mustafa Kutlu. |
|
| 264 | 1 |
_aİstanbul : _bSeçkin _c2001 |
|
| 300 | _a229 sayfa; 21 cm. | ||
| 336 |
_ametin _btxt _2rdacontent |
||
| 337 |
_aaracısız _bn _2rdamedia |
||
| 338 |
_acilt _bnc _2rdacarrier |
||
| 500 | _aKaynakça var. | ||
| 650 | 0 |
_aGüç Sosyal Bilimler. _96580 |
|
| 650 | 0 |
_aOtorite. _96581 |
|
| 650 | 0 |
_aPower Social sciences. _96582 |
|
| 650 | 0 |
_aAuthority. _96583 |
|
| 942 |
_2lcc _cBK |
||
| 999 |
_c2202 _d2202 |
||